000 004440000a22001690004500
003 MACL
005 20151231162432.0
008 151231b xxu||||| |||| 00| 0 eng d
040 _aMACL
_cMACL
041 _aEnglish
082 _a353/SEM
100 _aSemashko, N A
_925954
245 _aHealth Protection in The U S S R
260 _bVictor Gollancz Ltd
_c1934
_aBritain
650 _aPublic Administration
_925955
942 _cBK
_k353/SEM
_2ddc
999 _c35409
_d35409